| 000 | 00695nam a2200241 i 4500 | ||
|---|---|---|---|
| 001 | 6024 | ||
| 003 | ES-MaACL | ||
| 005 | 20230906144751.0 | ||
| 008 | 890629s1989 sp ||||1| spa d | ||
| 020 | _a84-7658-151-3 | ||
| 080 | _a86-311.1"19" | ||
| 100 | 1 |
_aGranell, Eugenio F. _959617 |
|
| 245 | 1 | 0 |
_aLo que sucedió / _cE.F. Granell. |
| 250 | _a1ª ed. | ||
| 260 |
_aBarcelona : _bAnthropos, _c1989. |
||
| 300 |
_a395 p. : _bil. ; _c20 cm. |
||
| 490 | 1 |
_aMemoria rota. Exilios y heterodoxias ; _v18 |
|
| 504 | _aBio-bibliografia. | ||
| 586 | _aDon Quijote 1967 | ||
| 830 | 1 |
_aMemoria rota. Exilios y heterodoxias ; _v18 _9177283 |
|
| 852 |
_aES-MaACL _jL-11317 |
||
| 999 |
_c6024 _d6024 |
||